000
00306nam a22001457a 4500
008
210512b ||||| |||| 00| 0 eng d
020
_a
9780844254807
041
_a
eng
080
_a
82
082
_a
82
100
_a
21
101
_a
GJL
245
_a
World Literature
_c
Rosenberg,D
942
_2
udc
_c
BK
999
_c
57291
_d
57291